000 00497nam a22001937a 4500
003 MPLRDC
005 20220104183358.0
008 210129b ||||| |||| 00| 0 eng d
020 _a986-6716-45-4
082 _a192.32 XTL
100 _a小太郎
245 _a银座妈妈桑说话术
_c庄旻翰译
250 _a初版
260 _a台湾
_b三采文化出版事业有限公司
_c2008
300 _b
490 _aMIND MAP. 08
650 _a谈话; 口才
942 _cBK
_o192.32 XTL
999 _c62377
_d62367